000 00529nam a2200145 i 4500
001 39872
003 ES-MaACL
007 t|
008 030304s1884 sp ||||1| spa d
100 1 _aCantón Salazar, Leocadio.
_934682
245 1 0 _aMonografía histórico-arqueológica del Palacio de los Condestables de Castilla, más comúnmente conocido como la Casa del Cordón /
_cLeocadio Cantón Salazar.
260 _aBurgos :
_b[s.n.,
_c1884] (
_fS. Rodríguez Alonso)
300 _aLXXXIII p. ;
_c24 cm.
852 _aES-MaACL
_jB-3940
999 _c39872
_d39872